000 00637cam a22002171 4500
001 ca 36001491
003 DLC
005 20260227111143.0
008 770510s1934 ilu 000 0 eng
010 _aca 36001491
035 _a(OCoLC)2952935
040 _aDLC
_cUU
_dUU
_dOCoLC
_dDLC
042 _apremarc
050 0 0 _aPS3515.U2735
_bD6 1934
082 _a812/.5
100 1 _aHughes, Glenn,
_d1894-1964.
245 1 0 _aDollars to doughnuts,
_ba farce in three acts,
_cby Glenn Hughes ...
260 _aRock Island, Ill.,
_bFrederick B. Ingram productions, inc.
_c[c1934]
300 _a99 p.
_c19 cm.
490 0 _aPlays of the month
999 _c18305
_d18305